| 000 | 00759nam a22001577a 4500 | ||
|---|---|---|---|
| 003 | LRUA | ||
| 005 | 20210126132128.0 | ||
| 008 | 200210b xxu||||| |||| 00| 0 eng d | ||
| 040 | _crua | ||
| 082 | _aAVM IN 2018 B658 Or.1 | ||
| 100 |
_914170 _aIN LY អ៊ិន លី |
||
| 245 | _aantimicrobial resistance profile of vibio spp. in shrimp (penaeus monodon) sell al central market in phnom penh ភាពសុំាបាក់តេរី វីប្រ៊ីអូអេសភីភី ទល់នឺងឪសថអង់ទីប្បូទិចលើបង្គាលក់នៅផ្សារធំថ្មី រាជធានីភ្នំពេញ | ||
| 260 |
_arua _bphnom penh _c2018 |
||
| 300 |
_aix;34p _bill; _c29cm |
||
| 942 |
_2ddc _cAVM |
||
| 999 |
_c18906 _d18906 |
||